The use of communication strategies in an oral English task /
Saved in:
| 主要作者: | |
|---|---|
| 格式: | Thesis 圖書 |
| 語言: | English |
| 出版: |
2005.
|
| 主題: | |
| 標簽: |
添加標簽
沒有標簽, 成為第一個標記此記錄!
|
| LEADER | 00955cam a2200241 a 4500 | ||
|---|---|---|---|
| 001 | u714109 | ||
| 003 | SIRSI | ||
| 008 | 051026s2005 my t 000 0 eng m | ||
| 040 | |a UMM | ||
| 043 | |a a-my--- | ||
| 090 | |a LB7 |b UM 2005 Var | ||
| 100 | 0 | 0 | |a Varugheese P. V. Chacko. |
| 245 | 1 | 4 | |a The use of communication strategies in an oral English task / |c Varugheese a/l P.V.Chacko. |
| 260 | |c 2005. | ||
| 300 | |a x, 63 leaves : |b ill. ; |c 30 cm. | ||
| 502 | |a Dissertation (M.Ed.) -- Fakulti Pendidikan, Universiti Malaya, 2005. | ||
| 504 | |a Bibliography: leaves 47-48. | ||
| 650 | 0 | |a Communication in foreign language education |z Malaysia. | |
| 650 | 0 | |a English language |x Spoken English |z Malaysia | |
| 710 | 2 | 0 | |a Universiti Malaya. |b Fakulti Pendidikan. |
| 856 | |f IARC:A511958019 |z Click Here for Abstract and Table of Contents | ||
| 596 | |a 1 | ||
| 999 | |a LB7 UM 2005 VAR |w LC |c 1 |i A511932331 |d 13/5/2016 |e 13/5/2016 |f 6/3/2006 |g 1 |l STACKS |m P01UTAMA |n 16 |r Y |s Y |t TESIS |u 2/3/2006 | ||
